[Event "Benidorm Satellite preliminary"]
[Site "playchess.com #007036"]
[Date "2009.10.24"]
[Round "12"]
[White "Matematika"]
[Black "Vijayvikram"]
[Result "0-1"]
[WhiteElo "1982"]
[BlackElo "1756"]
[PlyCount "150"]
[EventDate "2009.10.24"]
[EventType "swiss (blitz)"]

1. Nf3 {[%emt 0:00:02]} d5 {[%emt 0:00:02]} 2. c4 {[%emt 0:00:02]} Nf6 {[%emt
0:00:04]} 3. g3 {[%emt 0:00:01]} dxc4 {[%emt 0:00:08]} 4. Bg2 {[%emt 0:00:02]}
c5 {[%emt 0:00:13]} 5. Qa4+ {[%emt 0:00:06]} Bd7 {[%emt 0:00:04]} 6. Qxc4 {
[%emt 0:00:01]} Nc6 {[%emt 0:00:01]} 7. a4 {[%emt 0:00:08]} e6 {[%emt 0:00:02]}
8. O-O {[%emt 0:00:02]} Be7 {[%emt 0:00:05]} 9. Na3 {[%emt 0:00:07]} a6 {[%emt
0:00:04]} 10. b3 {[%emt 0:00:02]} O-O {[%emt 0:00:02]} 11. Bb2 {[%emt 0:00:01]}
Qc7 {[%emt 0:00:13]} 12. d4 {[%emt 0:00:04]} cxd4 {[%emt 0:00:08]} 13. Nxd4 {
[%emt 0:00:02]} Rac8 {[%emt 0:00:07]} 14. Rac1 {[%emt 0:00:01]} Qb6 {[%emt 0:
00:15]} 15. Nxc6 {[%emt 0:00:17]} Bxc6 {[%emt 0:00:02]} 16. Qd3 {[%emt 0:00:20]
} Rfd8 {[%emt 0:00:35]} 17. Qe3 {[%emt 0:00:18]} Qxe3 {[%emt 0:00:18]} 18. fxe3
{[%emt 0:00:01]} Bxg2 {[%emt 0:00:21]} 19. Kxg2 {[%emt 0:00:02]} Ng4 {[%emt 0:
00:05]} 20. Rxc8 {[%emt 0:00:08]} Rxc8 {[%emt 0:00:09]} 21. Rf3 {[%emt 0:00:02]
} Bxa3 {[%emt 0:00:19]} 22. Bxa3 {[%emt 0:00:03]} Rc3 {[%emt 0:00:03]} 23. e4 {
[%emt 0:00:07]} Ne3+ {[%emt 0:00:07]} 24. Kf2 {[%emt 0:00:01]} Ng4+ {[%emt 0:
00:13]} 25. Kg2 {[%emt 0:00:02]} Ne3+ {[%emt 0:00:03]} 26. Kf2 {[%emt 0:00:08]}
Ng4+ {[%emt 0:00:01]} 27. Ke1 {[%emt 0:00:01]} Rxf3 {[%emt 0:00:04]} 28. exf3 {
[%emt 0:00:01]} Ne5 {[%emt 0:00:03]} 29. Ke2 {[%emt 0:00:03]} g6 {[%emt 0:00:
02]} 30. Bb2 {[%emt 0:00:01]} Nc6 {[%emt 0:00:01]} 31. Bc3 {[%emt 0:00:02]} Kf8
{[%emt 0:00:01]} 32. Kd3 {[%emt 0:00:01]} Ke8 {[%emt 0:00:01]} 33. Kc4 {[%emt
0:00:01]} Kd7 {[%emt 0:00:01]} 34. f4 {[%emt 0:00:01]} h5 {[%emt 0:00:02]} 35.
e5 {[%emt 0:00:01]} Ne7 {[%emt 0:00:03]} 36. Bd4 {[%emt 0:00:03]} Kc6 {[%emt 0:
00:01]} 37. b4 {[%emt 0:00:01]} Nf5 {[%emt 0:00:03]} 38. b5+ {[%emt 0:00:02]}
axb5+ {[%emt 0:00:01]} 39. axb5+ {[%emt 0:00:01]} Kd7 {[%emt 0:00:01]} 40. Kc5
{[%emt 0:00:03]} Ne7 {[%emt 0:00:04]} 41. Kb6 {[%emt 0:00:04]} Kc8 {[%emt 0:00:
01]} 42. Kc5 {[%emt 0:00:03]} Nd5 {[%emt 0:00:01]} 43. Kd6 {[%emt 0:00:03]} Kb8
{[%emt 0:00:05]} 44. b6 {[%emt 0:00:02]} Kc8 {[%emt 0:00:01]} 45. h3 {[%emt 0:
00:06]} Kd8 {[%emt 0:00:05]} 46. Kc5 {[%emt 0:00:02]} Ne7 {[%emt 0:00:02]} 47.
Kc4 {[%emt 0:00:01]} Nf5 {[%emt 0:00:01]} 48. Bf2 {[%emt 0:00:02]} Kd7 {[%emt
0:00:00]} 49. Kc5 {[%emt 0:00:01]} Ne7 {[%emt 0:00:02]} 50. Kd4 {[%emt 0:00:02]
} Kc6 {[%emt 0:00:01]} 51. Ke4 {[%emt 0:00:01]} Nd5 {[%emt 0:00:01]} 52. g4 {
[%emt 0:00:01]} hxg4 {[%emt 0:00:01]} 53. hxg4 {[%emt 0:00:01]} Nxb6 {[%emt 0:
00:01]} 54. f5 {[%emt 0:00:01]} gxf5+ {[%emt 0:00:02]} 55. gxf5 {[%emt 0:00:01]
} Nd5 {[%emt 0:00:03]} 56. f6 {[%emt 0:00:06]} Kb5 {[%emt 0:00:03]} 57. Bd4 {
[%emt 0:00:01]} Kc4 {[%emt 0:00:01]} 58. Ba1 {[%emt 0:00:02]} b5 {[%emt 0:00:
01]} 59. Bb2 {[%emt 0:00:02]} b4 {[%emt 0:00:01]} 60. Bd4 {[%emt 0:00:01]} Kb3
{[%emt 0:00:01]} 61. Bc5 {[%emt 0:00:02]} Kc2 {[%emt 0:00:01]} 62. Kd4 {[%emt
0:00:03]} b3 {[%emt 0:00:01]} 63. Ba3 {[%emt 0:00:01]} b2 {[%emt 0:00:01]} 64.
Bxb2 {[%emt 0:00:02]} Kxb2 {[%emt 0:00:01]} 65. Kc5 {[%emt 0:00:00]} Kc3 {
[%emt 0:00:07]} 66. Kd6 {[%emt 0:00:03]} Kd4 {[%emt 0:00:01]} 67. Kd7 {[%emt 0:
00:01]} Kxe5 {[%emt 0:00:03]} 68. Ke8 {[%emt 0:00:00]} Kxf6 {[%emt 0:00:02]}
69. Kf8 {[%emt 0:00:01]} e5 {[%emt 0:00:01]} 70. Kg8 {[%emt 0:00:01]} e4 {
[%emt 0:00:01]} 71. Kh8 {[%emt 0:00:00]} e3 {[%emt 0:00:01]} 72. Kg8 {[%emt 0:
00:00]} e2 {[%emt 0:00:01]} 73. Kh7 {[%emt 0:00:00]} e1=Q {[%emt 0:00:01]} 74.
Kg8 {[%emt 0:00:00]} Qg3+ {[%emt 0:00:03]} 75. Kf8 {[%emt 0:00:00]} Qb8# {
[%emt 0:00:03]} 0-1

[Event "Benidorm Satellite preliminary"]
[Site "playchess.com #007036"]
[Date "2009.10.24"]
[Round "12"]
[White "Antoine2"]
[Black "Immer Letzter"]
[Result "1-0"]
[WhiteElo "2871"]
[BlackElo "2511"]
[PlyCount "123"]
[EventDate "2009.10.24"]
[EventType "swiss (blitz)"]

1. d4 {[%emt 0:00:01]} d5 {[%emt 0:00:04]} 2. c4 {[%emt 0:00:01]} dxc4 {[%emt
0:00:01]} 3. Nf3 {[%emt 0:00:03]} Nf6 {[%emt 0:00:01]} 4. e3 {[%emt 0:00:01]}
e6 {[%emt 0:00:03]} 5. Bxc4 {[%emt 0:00:01]} a6 {[%emt 0:00:01]} 6. O-O {[%emt
0:00:01]} c5 {[%emt 0:00:01]} 7. Nc3 {[%emt 0:00:02]} Nc6 {[%emt 0:00:01]} 8.
dxc5 {[%emt 0:00:28]} Qxd1 {[%emt 0:00:03]} 9. Rxd1 {[%emt 0:00:00]} Bxc5 {
[%emt 0:00:01]} 10. b3 {[%emt 0:00:19]} O-O {[%emt 0:00:42]} 11. Bb2 {[%emt 0:
00:02]} b5 {[%emt 0:00:12]} 12. Bd3 {[%emt 0:00:02]} Bb7 {[%emt 0:00:01]} 13.
Rac1 {[%emt 0:00:01]} Be7 {[%emt 0:00:10]} 14. a4 {[%emt 0:00:11]} b4 {[%emt 0:
00:16]} 15. Ne4 {[%emt 0:00:06]} Na5 {[%emt 0:00:38]} 16. Nxf6+ {[%emt 0:00:25]
} Bxf6 {[%emt 0:00:06]} 17. Bxf6 {[%emt 0:00:00]} gxf6 {[%emt 0:00:01]} 18. Nd4
{[%emt 0:00:00]} Rac8 {[%emt 0:00:16]} 19. f3 {[%emt 0:00:17]} Rfd8 {[%emt 0:
00:11]} 20. Rxc8 {[%emt 0:00:27]} Rxc8 {[%emt 0:00:02]} 21. Nc2 {[%emt 0:00:00]
} Nxb3 {[%emt 0:00:08]} 22. Nxb4 {[%emt 0:00:01]} a5 {[%emt 0:00:01]} 23. Na6 {
[%emt 0:00:17]} Rd8 {[%emt 0:00:07]} 24. Bc2 {[%emt 0:00:10]} Rxd1+ {[%emt 0:
00:01]} 25. Bxd1 {[%emt 0:00:00]} Bxa6 {[%emt 0:00:04]} 26. Bxb3 {[%emt 0:00:
01]} Kf8 {[%emt 0:00:02]} 27. Kf2 {[%emt 0:00:10]} Ke7 {[%emt 0:00:01]} 28. Bc2
{[%emt 0:00:04]} h6 {[%emt 0:00:06]} 29. g4 {[%emt 0:00:08]} Kd6 {[%emt 0:00:
05]} 30. Kg3 {[%emt 0:00:06]} Kc5 {[%emt 0:00:01]} 31. Kh4 {[%emt 0:00:08]} Kb4
{[%emt 0:00:02]} 32. Kh5 {[%emt 0:00:05]} Be2 {[%emt 0:00:10]} 33. Kxh6 {[%emt
0:00:06]} Bxf3 {[%emt 0:00:01]} 34. h3 {[%emt 0:00:08]} Bc6 {[%emt 0:00:02]}
35. Kg7 {[%emt 0:00:02]} Bxa4 {[%emt 0:00:01]} 36. Bxa4 {[%emt 0:00:01]} Kxa4 {
[%emt 0:00:01]} 37. h4 {[%emt 0:00:00]} Kb3 {[%emt 0:00:04]} 38. h5 {[%emt 0:
00:01]} a4 {[%emt 0:00:00]} 39. h6 {[%emt 0:00:00]} a3 {[%emt 0:00:00]} 40. h7
{[%emt 0:00:00]} a2 {[%emt 0:00:00]} 41. h8=Q {[%emt 0:00:00]} a1=Q {[%emt 0:
00:00]} 42. Kxf7 {[%emt 0:00:00]} Qe5 {[%emt 0:00:05]} 43. Qxf6 {[%emt 0:00:01]
} Qc7+ {[%emt 0:00:09]} 44. Qe7 {[%emt 0:00:01]} Qg3 {[%emt 0:00:06]} 45. Qxe6+
{[%emt 0:00:01]} Kc3 {[%emt 0:00:01]} 46. e4 {[%emt 0:00:03]} Kd4 {[%emt 0:00:
03]} 47. Qd5+ {[%emt 0:00:07]} Ke3 {[%emt 0:00:01]} 48. Qf5 {[%emt 0:00:01]}
Qc7+ {[%emt 0:00:02]} 49. Kg6 {[%emt 0:00:01]} Qd6+ {[%emt 0:00:02]} 50. Kg5 {
[%emt 0:00:05]} Qe7+ {[%emt 0:00:05]} 51. Kh5 {[%emt 0:00:08]} Qe8+ {[%emt 0:
00:01]} 52. Kh4 {[%emt 0:00:01]} Qh8+ {[%emt 0:00:03]} 53. Qh5 {[%emt 0:00:01]}
Qb2 {[%emt 0:00:08]} 54. Qf5 {[%emt 0:00:18] .} Qh2+ {[%emt 0:00:05]} 55. Kg5 {
[%emt 0:00:01]} Qg3 {[%emt 0:00:06]} 56. e5 {[%emt 0:00:01]} Kd4 {[%emt 0:00:
04]} 57. e6 {[%emt 0:00:01]} Qb8 {[%emt 0:00:05]} 58. Qf6+ {[%emt 0:00:04]} Kd5
{[%emt 0:00:01]} 59. e7 {[%emt 0:00:00]} Qg8+ {[%emt 0:00:01]} 60. Kh6 {[%emt
0:00:02]} Kc5 {[%emt 0:00:02]} 61. Qg5+ {[%emt 0:00:01]} Qxg5+ {[%emt 0:00:01]}
62. Kxg5 {[%emt 0:00:00] Zeit} 1-0

[Event "Benidorm Satellite preliminary"]
[Site "playchess.com #007036"]
[Date "2009.10.24"]
[Round "12"]
[White "Masfouf"]
[Black "Mau13"]
[Result "0-1"]
[WhiteElo "2021"]
[BlackElo "1897"]
[PlyCount "100"]
[EventDate "2009.10.24"]
[EventType "swiss (blitz)"]

1. e4 {[%emt 0:00:02]} e5 {[%emt 0:00:03]} 2. Nf3 {[%emt 0:00:17]} Nc6 {[%emt
0:00:04]} 3. Bb5 {[%emt 0:00:03]} d6 {[%emt 0:00:09]} 4. c3 {[%emt 0:00:01]}
Nf6 {[%emt 0:00:02]} 5. O-O {[%emt 0:00:02]} Be7 {[%emt 0:00:01]} 6. d4 {[%emt
0:00:10]} O-O {[%emt 0:00:03]} 7. Nbd2 {[%emt 0:00:04]} Bg4 {[%emt 0:00:13]} 8.
d5 {[%emt 0:00:06]} Nb8 {[%emt 0:00:18]} 9. Be2 {[%emt 0:00:02]} Nbd7 {[%emt 0:
00:03]} 10. h3 {[%emt 0:00:04]} Bh5 {[%emt 0:00:16]} 11. Re1 {[%emt 0:00:03]}
c6 {[%emt 0:00:05]} 12. c4 {[%emt 0:00:01]} cxd5 {[%emt 0:00:03]} 13. cxd5 {
[%emt 0:00:02]} Rc8 {[%emt 0:00:02]} 14. g4 {[%emt 0:00:11]} Bg6 {[%emt 0:00:
06]} 15. Bd3 {[%emt 0:00:01]} Qc7 {[%emt 0:00:03]} 16. Nb3 {[%emt 0:00:03]} a5
{[%emt 0:00:04]} 17. a4 {[%emt 0:00:02]} Nc5 {[%emt 0:00:05]} 18. Nxc5 {[%emt
0:00:05]} Qxc5 {[%emt 0:00:01]} 19. Be3 {[%emt 0:00:03]} Qb4 {[%emt 0:00:01]}
20. Bd2 {[%emt 0:00:09]} Qc5 {[%emt 0:00:08]} 21. Bc3 {[%emt 0:00:05]} Nd7 {
[%emt 0:00:10]} 22. Rc1 {[%emt 0:00:04]} Qb6 {[%emt 0:00:06]} 23. h4 {[%emt 0:
00:05]} f6 {[%emt 0:00:02]} 24. h5 {[%emt 0:00:02]} Bf7 {[%emt 0:00:01]} 25.
Nh4 {[%emt 0:00:01]} Rfd8 {[%emt 0:00:04]} 26. Nf5 {[%emt 0:00:02]} Bf8 {[%emt
0:00:01]} 27. Qd2 {[%emt 0:00:10]} Nc5 {[%emt 0:00:03]} 28. Bc2 {[%emt 0:00:04]
} Na6 {[%emt 0:00:03]} 29. Bxa5 {[%emt 0:00:03]} Qxb2 {[%emt 0:00:01]} 30. Bxd8
{[%emt 0:00:02]} Rxd8 {[%emt 0:00:01]} 31. Rb1 {[%emt 0:00:03]} Qa3 {[%emt 0:
00:09]} 32. Rxb7 {[%emt 0:00:04]} Nc5 {[%emt 0:00:01]} 33. Rc7 {[%emt 0:00:11]}
h6 {[%emt 0:00:27]} 34. Rb1 {[%emt 0:00:07]} Qh3 {[%emt 0:00:05]} 35. Qe2 {
[%emt 0:00:10]} Qa3 {[%emt 0:00:02]} 36. Kg2 {[%emt 0:00:09]} Qa2 {[%emt 0:00:
03]} 37. Rb5 {[%emt 0:00:29]} Nxa4 {[%emt 0:00:13]} 38. Bxa4 {[%emt 0:00:02]}
Qxe2 {[%emt 0:00:02]} 39. Rbb7 {[%emt 0:00:02]} Qxg4+ {[%emt 0:00:04]} 40. Ng3
{[%emt 0:00:03]} Bxh5 {[%emt 0:00:11]} 41. Rc1 {[%emt 0:00:06]} Bg6 {[%emt 0:
00:02]} 42. f3 {[%emt 0:00:05]} Qf4 {[%emt 0:00:06]} 43. Rc2 {[%emt 0:00:03]}
h5 {[%emt 0:00:06]} 44. Bd7 {[%emt 0:00:12]} h4 {[%emt 0:00:06]} 45. Be6+ {
[%emt 0:00:02]} Kh8 {[%emt 0:00:06]} 46. Ne2 {[%emt 0:00:05]} Qg5+ {[%emt 0:00:
02]} 47. Kh2 {[%emt 0:00:06]} f5 {[%emt 0:00:08]} 48. Rbc7 {[%emt 0:00:05]}
fxe4 {[%emt 0:00:05]} 49. fxe4 {[%emt 0:00:05]} Bxe4 {[%emt 0:00:02]} 50. Ng1 {
[%emt 0:00:07]} Qf4+ {[%emt 0:00:02] Masfouf resigns  (Lag: Av=1.82s, max=12.
4s)} 0-1

[Event "Benidorm Satellite preliminary"]
[Site "playchess.com #007036"]
[Date "2009.10.24"]
[Round "12"]
[White "Džundi"]
[Black "Nitroglycérine"]
[Result "1/2-1/2"]
[WhiteElo "2537"]
[BlackElo "1918"]
[PlyCount "162"]
[EventDate "2009.10.24"]
[EventType "swiss (blitz)"]

1. d4 {[%emt 0:00:04]} Nf6 {[%emt 0:00:03]} 2. Nf3 {[%emt 0:00:00]} g6 {[%emt
0:00:01]} 3. Bg5 {[%emt 0:00:01]} d6 {[%emt 0:00:04]} 4. Nbd2 {[%emt 0:00:04]}
c6 {[%emt 0:00:02]} 5. e4 {[%emt 0:00:01]} Bg7 {[%emt 0:00:21]} 6. Bd3 {[%emt
0:00:02]} Qb6 {[%emt 0:00:11]} 7. Rb1 {[%emt 0:00:03]} Bg4 {[%emt 0:00:09]} 8.
c3 {[%emt 0:00:04]} Nbd7 {[%emt 0:00:05]} 9. h3 {[%emt 0:00:04]} Bxf3 {[%emt 0:
00:03]} 10. Nxf3 {[%emt 0:00:01]} e5 {[%emt 0:00:04]} 11. O-O {[%emt 0:00:01]}
O-O {[%emt 0:00:04]} 12. a4 {[%emt 0:00:01]} a5 {[%emt 0:00:03]} 13. Re1 {
[%emt 0:00:02]} Rfe8 {[%emt 0:00:01]} 14. Qc2 {[%emt 0:00:03]} Rac8 {[%emt 0:
00:02]} 15. Be3 {[%emt 0:00:03]} Qc7 {[%emt 0:00:03]} 16. b4 {[%emt 0:00:02]}
d5 {[%emt 0:00:16]} 17. dxe5 {[%emt 0:00:10]} Nxe4 {[%emt 0:00:03]} 18. Bxe4 {
[%emt 0:00:08]} dxe4 {[%emt 0:00:00]} 19. Qxe4 {[%emt 0:00:01]} Nxe5 {[%emt 0:
00:04]} 20. Nxe5 {[%emt 0:00:02]} Bxe5 {[%emt 0:00:14]} 21. Qc4 {[%emt 0:00:02]
} Re6 {[%emt 0:00:16]} 22. Red1 {[%emt 0:00:10]} Rce8 {[%emt 0:00:03]} 23. Rd3
{[%emt 0:00:02]} Kg7 {[%emt 0:00:08]} 24. Rbd1 {[%emt 0:00:02]} R6e7 {[%emt 0:
00:00]} 25. Bc5 {[%emt 0:00:06]} Bh2+ {[%emt 0:00:26]} 26. Kf1 {[%emt 0:00:01]}
Re4 {[%emt 0:00:04]} 27. Rd4 {[%emt 0:00:01]} R4e6 {[%emt 0:00:21]} 28. bxa5 {
[%emt 0:00:22]} Qe5 {[%emt 0:00:09]} 29. f3 {[%emt 0:00:25]} Bg3 {[%emt 0:00:
29]} 30. Re4 {[%emt 0:00:02]} Qf5 {[%emt 0:00:06]} 31. Bd4+ {[%emt 0:00:04] .}
Kh6 {[%emt 0:00:02]} 32. Be3+ {[%emt 0:00:03]} Kg7 {[%emt 0:00:01]} 33. Qd4+ {
[%emt 0:00:06]} Be5 {[%emt 0:00:02]} 34. Qd3 {[%emt 0:00:03]} Bc7 {[%emt 0:00:
03]} 35. Rxe6 {[%emt 0:00:03]} Qxe6 {[%emt 0:00:00]} 36. Bd4+ {[%emt 0:00:02]}
Kh6 {[%emt 0:00:04]} 37. Qd2+ {[%emt 0:00:02]} g5 {[%emt 0:00:03]} 38. Bb6 {
[%emt 0:00:01]} Bf4 {[%emt 0:00:02]} 39. Qd3 {[%emt 0:00:02]} f6 {[%emt 0:00:
02]} 40. Bf2 {[%emt 0:00:03]} Bc7 {[%emt 0:00:01]} 41. Re1 {[%emt 0:00:01]} Qf7
{[%emt 0:00:03]} 42. Rxe8 {[%emt 0:00:02]} Qxe8 {[%emt 0:00:00]} 43. a6 {[%emt
0:00:01]} bxa6 {[%emt 0:00:02]} 44. Qxa6 {[%emt 0:00:01]} Qe6 {[%emt 0:00:02]}
45. Qd3 {[%emt 0:00:03]} Be5 {[%emt 0:00:01]} 46. Bd4 {[%emt 0:00:03]} Bg3 {
[%emt 0:00:03]} 47. Bf2 {[%emt 0:00:10]} Be5 {[%emt 0:00:03]} 48. h4 {[%emt 0:
00:04]} gxh4 {[%emt 0:00:03]} 49. Bxh4 {[%emt 0:00:03]} Qa2 {[%emt 0:00:00]}
50. Be1 {[%emt 0:00:16]} Qxa4 {[%emt 0:00:02]} 51. Bd2+ {[%emt 0:00:01]} Kg7 {
[%emt 0:00:01]} 52. Qd7+ {[%emt 0:00:02]} Kg6 {[%emt 0:00:01]} 53. Qg4+ {[%emt
0:00:03]} Qxg4 {[%emt 0:00:03]} 54. fxg4 {[%emt 0:00:01]} h5 {[%emt 0:00:04]}
55. gxh5+ {[%emt 0:00:01]} Kxh5 {[%emt 0:00:00]} 56. Ke2 {[%emt 0:00:01]} Kg4 {
[%emt 0:00:01]} 57. c4 {[%emt 0:00:01]} Bd4 {[%emt 0:00:03]} 58. Be1 {[%emt 0:
00:07]} c5 {[%emt 0:00:02]} 59. Bd2 {[%emt 0:00:03]} Kg3 {[%emt 0:00:02]} 60.
Kf1 {[%emt 0:00:01]} f5 {[%emt 0:00:02]} 61. Be1+ {[%emt 0:00:02]} Kg4 {[%emt
0:00:01]} 62. Ke2 {[%emt 0:00:01]} f4 {[%emt 0:00:05]} 63. Kd3 {[%emt 0:00:05]}
f3 {[%emt 0:00:03]} 64. gxf3+ {[%emt 0:00:01]} Kxf3 {[%emt 0:00:00]} 65. Bd2 {
[%emt 0:00:01]} Bg1 {[%emt 0:00:01]} 66. Bc3 {[%emt 0:00:02]} Bf2 {[%emt 0:00:
01]} 67. Ba5 {[%emt 0:00:01]} Bg1 {[%emt 0:00:01]} 68. Bc7 {[%emt 0:00:01]} Bf2
{[%emt 0:00:01]} 69. Kc3 {[%emt 0:00:02]} Ke4 {[%emt 0:00:01]} 70. Bb6 {[%emt
0:00:03]} Bg1 {[%emt 0:00:01]} 71. Kb3 {[%emt 0:00:02]} Kd3 {[%emt 0:00:01]}
72. Ba7 {[%emt 0:00:03]} Bf2 {[%emt 0:00:01]} 73. Bb6 {[%emt 0:00:02]} Bg1 {
[%emt 0:00:01]} 74. Ba7 {[%emt 0:00:01]} Bf2 {[%emt 0:00:00]} 75. Bb8 {[%emt 0:
00:01]} Bg1 {[%emt 0:00:01]} 76. Bd6 {[%emt 0:00:01]} Bf2 {[%emt 0:00:01]} 77.
Be7 {[%emt 0:00:01]} Bg1 {[%emt 0:00:01]} 78. Bd6 {[%emt 0:00:01]} Bf2 {[%emt
0:00:01]} 79. Bc7 {[%emt 0:00:01]} Bg1 {[%emt 0:00:01]} 80. Ba5 {[%emt 0:00:01]
} Bf2 {[%emt 0:00:00]} 81. Bc3 {[%emt 0:00:01]} Bd4 {[%emt 0:00:04]} 1/2-1/2

[Event "Benidorm Satellite preliminary"]
[Site "playchess.com #007036"]
[Date "2009.10.24"]
[Round "12"]
[White "Mateusz-Morfeusz"]
[Black "Hardrock"]
[Result "1/2-1/2"]
[WhiteElo "2480"]
[BlackElo "2611"]
[PlyCount "150"]
[EventDate "2009.10.24"]
[EventType "swiss (blitz)"]

1. e4 {[%emt 0:00:01]} e5 {[%emt 0:00:02]} 2. Nf3 {[%emt 0:00:01]} Nc6 {[%emt
0:00:01]} 3. Bc4 {[%emt 0:00:00]} Bc5 {[%emt 0:00:01]} 4. c3 {[%emt 0:00:02]}
Nf6 {[%emt 0:00:02]} 5. d3 {[%emt 0:00:01]} d6 {[%emt 0:00:01]} 6. Bb3 {[%emt
0:00:01]} a6 {[%emt 0:00:01]} 7. Nbd2 {[%emt 0:00:00]} O-O {[%emt 0:00:01]} 8.
h3 {[%emt 0:00:00]} h6 {[%emt 0:00:01]} 9. Nh2 {[%emt 0:00:01]} Be6 {[%emt 0:
00:07]} 10. Ndf1 {[%emt 0:00:06]} d5 {[%emt 0:00:07]} 11. Qf3 {[%emt 0:00:01]}
dxe4 {[%emt 0:00:10]} 12. dxe4 {[%emt 0:00:00]} Qd6 {[%emt 0:00:04]} 13. Ng3 {
[%emt 0:00:30]} Bxb3 {[%emt 0:00:07]} 14. axb3 {[%emt 0:00:01]} Rfd8 {[%emt 0:
00:03]} 15. Ng4 {[%emt 0:00:19]} Nxg4 {[%emt 0:00:02]} 16. hxg4 {[%emt 0:00:00]
} Qd3 {[%emt 0:00:16]} 17. Qxd3 {[%emt 0:00:02]} Rxd3 {[%emt 0:00:02]} 18. Ke2
{[%emt 0:00:00]} Rad8 {[%emt 0:00:11]} 19. b4 {[%emt 0:00:10]} Bb6 {[%emt 0:00:
16]} 20. Nf5 {[%emt 0:00:03]} f6 {[%emt 0:00:04]} 21. Ne3 {[%emt 0:00:13]} Bxe3
{[%emt 0:00:14]} 22. Bxe3 {[%emt 0:00:00]} Kf7 {[%emt 0:00:07]} 23. Rad1 {
[%emt 0:00:44]} Rxd1 {[%emt 0:00:02]} 24. Rxd1 {[%emt 0:00:00]} Rxd1 {[%emt 0:
00:10]} 25. Kxd1 {[%emt 0:00:00]} Ke6 {[%emt 0:00:00]} 26. Ke2 {[%emt 0:00:01]}
Ne7 {[%emt 0:00:01]} 27. Kd3 {[%emt 0:00:02]} b5 {[%emt 0:00:05]} 28. Bc5 {
[%emt 0:00:04]} Ng6 {[%emt 0:00:02]} 29. g3 {[%emt 0:00:01]} Nh8 {[%emt 0:00:
02]} 30. Bf8 {[%emt 0:00:15]} Kf7 {[%emt 0:00:03]} 31. Bc5 {[%emt 0:00:01]} Kg6
{[%emt 0:00:04]} 32. f4 {[%emt 0:00:04]} Kf7 {[%emt 0:00:21]} 33. f5 {[%emt 0:
00:06]} Kg8 {[%emt 0:00:14]} 34. Ba7 {[%emt 0:00:19]} Nf7 {[%emt 0:00:05]} 35.
Bb8 {[%emt 0:00:01]} c6 {[%emt 0:00:01]} 36. Ba7 {[%emt 0:00:04]} Kh7 {[%emt 0:
00:03]} 37. Bc5 {[%emt 0:00:03]} g6 {[%emt 0:00:04]} 38. Be7 {[%emt 0:00:02]}
Kg7 {[%emt 0:00:01]} 39. Ke3 {[%emt 0:00:04]} Ng5 {[%emt 0:00:04]} 40. Bd8 {
[%emt 0:00:04]} Kf7 {[%emt 0:00:03]} 41. Bb6 {[%emt 0:00:05]} h5 {[%emt 0:00:
04]} 42. gxh5 {[%emt 0:00:09]} gxh5 {[%emt 0:00:04]} 43. Bd8 {[%emt 0:00:05]}
Nh7 {[%emt 0:00:02]} 44. Kf3 {[%emt 0:00:05]} Kg7 {[%emt 0:00:02]} 45. Ke3 {
[%emt 0:00:03]} Kh6 {[%emt 0:00:02]} 46. Kf3 {[%emt 0:00:01]} Kg5 {[%emt 0:00:
01]} 47. Bb6 {[%emt 0:00:00]} Kh6 {[%emt 0:00:15]} 48. Be3+ {[%emt 0:00:01]}
Ng5+ {[%emt 0:00:05]} 49. Kg2 {[%emt 0:00:06]} Kg7 {[%emt 0:00:04]} 50. Bxg5 {
[%emt 0:00:01]} fxg5 {[%emt 0:00:00]} 51. Kh2 {[%emt 0:00:01]} Kf6 {[%emt 0:00:
01]} 52. Kg2 {[%emt 0:00:00]} Ke7 {[%emt 0:00:01]} 53. Kf2 {[%emt 0:00:00]} Kd6
{[%emt 0:00:01]} 54. Kg2 {[%emt 0:00:00]} c5 {[%emt 0:00:11]} 55. bxc5+ {[%emt
0:00:06]} Kxc5 {[%emt 0:00:01]} 56. b4+ {[%emt 0:00:06]} Kd6 {[%emt 0:00:02]}
57. Kf2 {[%emt 0:00:01]} Ke7 {[%emt 0:00:01]} 58. Kg2 {[%emt 0:00:00]} Kf6 {
[%emt 0:00:01]} 59. Kf2 {[%emt 0:00:00]} Kf7 {[%emt 0:00:01]} 60. Kg2 {[%emt 0:
00:00]} Kg7 {[%emt 0:00:01]} 61. Kf2 {[%emt 0:00:00]} Kh6 {[%emt 0:00:00]} 62.
Kg2 {[%emt 0:00:00]} Kg7 {[%emt 0:00:08]} 63. Kf2 {[%emt 0:00:01]} Kf6 {[%emt
0:00:00]} 64. Kg2 {[%emt 0:00:00]} g4 {[%emt 0:00:10]} 65. Kf2 {[%emt 0:00:01]}
Kg5 {[%emt 0:00:01]} 66. Kg2 {[%emt 0:00:00]} Kh6 {[%emt 0:00:02]} 67. Kf2 {
[%emt 0:00:01]} Kg5 {[%emt 0:00:01]} 68. Kg2 {[%emt 0:00:00]} Kf6 {[%emt 0:00:
01]} 69. Kf2 {[%emt 0:00:00]} Ke7 {[%emt 0:00:00]} 70. Kg2 {[%emt 0:00:00]} Kf7
{[%emt 0:00:05]} 71. Kf2 {[%emt 0:00:00]} Kf6 {[%emt 0:00:07]} 72. Kg2 {[%emt
0:00:00]} Kg5 {[%emt 0:00:00]} 73. Kf2 {[%emt 0:00:00]} Kf6 {[%emt 0:00:00]}
74. Kg2 {[%emt 0:00:00]} Kg5 {[%emt 0:00:00]} 75. Kf2 {[%emt 0:00:00]} Kf6 {
[%emt 0:00:00]} 1/2-1/2

[Event "Benidorm Satellite preliminary"]
[Site "playchess.com #007036"]
[Date "2009.10.24"]
[Round "12"]
[White "Altamiro"]
[Black "Ferdi Sert"]
[Result "1-0"]
[WhiteElo "2101"]
[BlackElo "1873"]
[PlyCount "85"]
[EventDate "2009.10.24"]
[EventType "swiss (blitz)"]

1. e4 {[%emt 0:00:01]} c5 {[%emt 0:00:03]} 2. Nf3 {[%emt 0:00:01]} Nc6 {[%emt
0:00:01]} 3. Nc3 {[%emt 0:00:02]} e6 {[%emt 0:00:05]} 4. d4 {[%emt 0:00:01]}
cxd4 {[%emt 0:00:01]} 5. Nxd4 {[%emt 0:00:00]} a6 {[%emt 0:00:05]} 6. Be3 {
[%emt 0:00:13]} Nf6 {[%emt 0:00:06]} 7. Be2 {[%emt 0:00:03]} g6 {[%emt 0:00:06]
} 8. O-O {[%emt 0:00:02]} Bg7 {[%emt 0:00:01]} 9. Qd2 {[%emt 0:00:02]} Qc7 {
[%emt 0:00:39]} 10. f4 {[%emt 0:00:19]} d5 {[%emt 0:00:14]} 11. exd5 {[%emt 0:
00:17]} Nxd5 {[%emt 0:00:14]} 12. Nxd5 {[%emt 0:00:04]} exd5 {[%emt 0:00:02]}
13. Bf3 {[%emt 0:00:03]} Be6 {[%emt 0:00:15]} 14. f5 {[%emt 0:00:05]} gxf5 {
[%emt 0:00:09]} 15. Nxe6 {[%emt 0:00:12]} fxe6 {[%emt 0:00:08]} 16. Bh5+ {
[%emt 0:00:02]} Kd7 {[%emt 0:00:07]} 17. c4 {[%emt 0:00:03]} d4 {[%emt 0:00:03]
} 18. Rad1 {[%emt 0:00:17]} Rad8 {[%emt 0:00:07]} 19. Bf4 {[%emt 0:00:07]} Qb6
{[%emt 0:00:04]} 20. Rde1 {[%emt 0:00:48]} e5 {[%emt 0:00:05]} 21. Bg5 {[%emt
0:00:06]} Rdf8 {[%emt 0:00:11]} 22. Kh1 {[%emt 0:00:20]} h6 {[%emt 0:00:05]}
23. Bh4 {[%emt 0:00:05]} Qb4 {[%emt 0:00:06]} 24. Qc1 {[%emt 0:00:11]} d3 {
[%emt 0:00:14]} 25. a3 {[%emt 0:00:04]} Qb3 {[%emt 0:00:09]} 26. Rd1 {[%emt 0:
00:03]} e4 {[%emt 0:00:04]} 27. Qf4 {[%emt 0:00:19]} Be5 {[%emt 0:00:04]} 28.
Qf2 {[%emt 0:00:01]} Qxb2 {[%emt 0:00:03]} 29. Qc5 {[%emt 0:00:01]} Qd4 {[%emt
0:00:04]} 30. Qxd4+ {[%emt 0:00:03]} Nxd4 {[%emt 0:00:02]} 31. Bg6 {[%emt 0:00:
00]} Rhg8 {[%emt 0:00:03]} 32. Bh5 {[%emt 0:00:02]} Nc2 {[%emt 0:00:10]} 33.
Bf2 {[%emt 0:00:02]} Kc7 {[%emt 0:00:04]} 34. Bc5 {[%emt 0:00:03]} Bd6 {[%emt
0:00:04]} 35. Bxd6+ {[%emt 0:00:01]} Kxd6 {[%emt 0:00:01]} 36. Rf2 {[%emt 0:00:
00]} Kc5 {[%emt 0:00:02]} 37. g4 {[%emt 0:00:03]} Rg5 {[%emt 0:00:04]} 38.
Rxf5+ {[%emt 0:00:05]} Rfxf5 {[%emt 0:00:04]} 39. gxf5 {[%emt 0:00:00]} Rxh5 {
[%emt 0:00:01]} 40. Rf1 {[%emt 0:00:01]} d2 {[%emt 0:00:04]} 41. f6 {[%emt 0:
00:02]} e3 {[%emt 0:00:06]} 42. f7 {[%emt 0:00:01]} d1=Q {[%emt 0:00:04]} 43.
f8=Q+ {[%emt 0:00:02] Time} 1-0